Central Library OPAC University of Rajshahi

Farewell, my friend, and, The garden : (Record no. 21969)

MARC details
000 -LEADER
fixed length control field 00851nam a2200289 4500
001 - CONTROL NUMBER
control field 21969
003 - CONTROL NUMBER IDENTIFIER
rucl marc code BD-RjUL
005 - DATE AND TIME OF LATEST TRANSACTION
control field 20211209000742.0
008 - FIXED-LENGTH DATA ELEMENTS--GENERAL INFORMATION
fixed length control field 140306s1964 ii 000 0 eng d
035 ## - SYSTEM CONTROL NUMBER
System control number (BD-RjUL)22034
040 ## - CATALOGING SOURCE
Original cataloging agency VZJ
Transcribing agency VZJ
Modifying agency EQO
-- BD-RjUL
Language of cataloging eng
041 ## - LANGUAGE CODE
Language code of text/sound track or separate title eng
082 00 - DEWEY DECIMAL CLASSIFICATION NUMBER
Classification number 823
Author mark and year TAF 1964
090 ## - LOCALLY ASSIGNED LC-TYPE CALL NUMBER (OCLC); LOCAL CALL NUMBER (OCLC)
Classification number (OCLC) (R) ; Classification number, CALL (RLIN) (NR) PK1718.R3
Local cutter number (OCLC) ; Book number/undivided call number, CALL (RLIN) F3 1958
100 1# - MAIN ENTRY--PERSONAL NAME
Personal name Tagore, Rabindranath
Dates associated with a name 1861-1941.
9 (RLIN) 45145
245 10 - TITLE STATEMENT
Title Farewell, my friend, and, The garden :
Remainder of title two novelettes /
Statement of responsibility, etc. by Rabindranath Tagore
246 3# - VARYING FORM OF TITLE
Title proper/short title Garden
250 ## - EDITION STATEMENT
Edition statement 4th ed.
260 ## - PUBLICATION, DISTRIBUTION, ETC. (IMPRINT)
Place of publication, distribution, etc. Bombay :
Name of publisher, distributor, etc. Jaico Pub. House,
Date of publication, distribution, etc. 1964.
300 ## - PHYSICAL DESCRIPTION
Pagination 187 p. ;
Size 17 cm.
490 0# - SERIES STATEMENT
Series statement Jaico book ;
Volume/sequential designation J-42
500 ## - GENERAL NOTE
General note Translations of Sesher Kavita and Malancha.
651 ## - SUBJECT ADDED ENTRY--GEOGRAPHIC NAME
Geographic name India
General subdivision Fiction
9 (RLIN) 56323
700 1# - ADDED ENTRY--PERSONAL NAME
Personal name Kripalani, K.R.
942 ## - ADDED ENTRY ELEMENTS (KOHA)
Source of classification or shelving scheme Dewey Decimal Classification
Koha item type Books
Holdings
Lost status Source of classification or shelving scheme Damaged status Not for loan Collection code Permanent Location Current Location Shelving location Date acquired Source of acquisition Cost, normal purchase price Total Checkouts Full call number Date last seen Copy number Koha item type
  Dewey Decimal Classification     Fiction Central Library, University of Rajshahi Central Library, University of Rajshahi   16/12/1970 Sweets & Zeitlinger 18.00   823 TAF 1964 06/03/2014 C-2 Books